[Event "Verbandsliga Suedbaden 2223"]
[Site "Germany"]
[Date "2023.05.07"]
[Round "9.6"]
[White "Groehn, Andreas"]
[Black "Kresovic, Velimir"]
[Result "1-0"]
[WhiteElo "2097"]
[BlackElo "2111"]
[PlyCount "43"]
[EventDate "2022.09.25"]
[EventType "team-tourn"]
[EventRounds "9"]
[EventCountry "GER"]
[SourceTitle "EXT 2024"]
[Source "ChessBase"]
[SourceDate "2023.10.10"]
[SourceVersion "1"]
[SourceVersionDate "2023.10.10"]
[SourceQuality "1"]
[WhiteTeam "Dreisamtal"]
[BlackTeam "Kuppenheim"]
[WhiteTeamCountry "GER"]
[BlackTeamCountry "GER"]

1. d4 Nf6 2. Bf4 e6 3. e3 c5 4. c3 Nc6 5. Nd2 Be7 6. h3 d5 7. Ngf3 a6 8. Be2 Bd6 9. Bxd6 Qxd6 10. dxc5 Qxc5 11. Nb3 Qb6 12. c4 dxc4 13. Bxc4 Qb4+ 14. Nfd2 Ne5 15. Be2 0-0 16. 0-0 Rd8 17. Qc2 Bd7 18. Qc7 Nc6 19. a3 Nd5 20. Qxd8+ Rxd8 21. axb4 Ndxb4 22. Nf3 1-0

[Event "Verbandsliga Suedbaden 1920"]
[Site "Baden"]
[Date "2019.12.01"]
[Round "3.4"]
[White "Kresovic, Velimir"]
[Black "Thiercelin, Jerome"]
[Result "1-0"]
[WhiteElo "2161"]
[BlackElo "2024"]
[PlyCount "149"]
[EventDate "2019.09.29"]
[EventType "team-tourn"]
[EventRounds "9"]
[EventCountry "GER"]
[SourceTitle "EXT 2021"]
[Source "ChessBase"]
[SourceDate "2020.10.23"]
[SourceVersion "1"]
[SourceVersionDate "2020.10.23"]
[SourceQuality "1"]
[WhiteTeam "Kuppenheim"]
[BlackTeam "Offenburg"]
[WhiteTeamCountry "GER"]
[BlackTeamCountry "GER"]

1. e4 c5 2. Nf3 e6 3. d4 cxd4 4. Nxd4 Nc6 5. Nb5 d6 6. c4 a6 7. N5c3 Be7 8. Be2 Nf6 9. 0-0 b6 10. Be3 Bb7 11. Nd2 Rc8 12. Rc1 Qc7 13. Nd5 exd5 14. cxd5 b5 15. a4 Qa5 16. dxc6 Rxc6 17. axb5 Rxc1 18. Qxc1 axb5 19. Nb3 Qa6 20. Nd4 0-0 21. Bxb5 Qb6 22. Bd3 Rc8 23. Qb1 Nd7 24. Nf5 Qd8 25. Nxe7+ Qxe7 26. Re1 Ne5 27. Bf1 Qf6 28. Bd2 Ng4 29. Be3 Qe5 30. f4 Qxe4 31. Qxe4 Bxe4 32. Bd4 f5 33. h3 Nf6 34. Bxf6 gxf6 35. Rd1 Rb8 36. Rxd6 Rxb2 37. Rxf6 Kg7 38. Rd6 Rc2 39. Rd4 Kf6 40. Ra4 Kg6 41. Ra3 Kf6 42. Re3 Rb2 43. g4 Ra2 44. Be2 Ra1+ 45. Kf2 Ra4 46. g5+ Kg6 47. h4 h5 48. Rb3 Ra1 49. Rb6+ Kg7 50. Bxh5 Rh1 51. Bf3 Bxf3 52. Kxf3 Rf1+ 53. Ke3 Re1+ 54. Kf2 Rh1 55. Rf6 Rxh4 56. Rxf5 Kg6 57. Rf6+ Kg7 58. Kg3 Rh1 59. Kg4 Ra1 60. Rb6 Ra4 61. Re6 Kf7 62. Rf6+ Kg7 63. Kh5 Ra1 64. Rg6+ Kf7 65. Rb6 Rh1+ 66. Kg4 Ra1 67. Rb7+ Kf8 68. g6 Kg8 69. f5 Ra8 70. f6 Rc8 71. Rg7+ Kf8 72. Rh7 Rc4+ 73. Kg5 Rc5+ 74. Kh6 Rf5 75. Rh8# 1-0

[Event "Verbandsliga Suedbaden 1617"]
[Site "Baden"]
[Date "2017.05.14"]
[Round "9.4"]
[White "Kresovic, Velimir"]
[Black "Bohnert, Dominik"]
[Result "1/2-1/2"]
[WhiteElo "2240"]
[BlackElo "2027"]
[PlyCount "60"]
[EventDate "2016.10.09"]
[EventType "team-tourn"]
[EventRounds "9"]
[EventCountry "GER"]
[SourceTitle "EXT 2022"]
[Source "ChessBase"]
[SourceDate "2021.10.06"]
[SourceVersion "1"]
[SourceVersionDate "2021.10.06"]
[SourceQuality "1"]
[WhiteTeam "Kuppenheim"]
[BlackTeam "Sasbach"]
[WhiteTeamCountry "GER"]
[BlackTeamCountry "GER"]

1. e4 b6 2. d4 Bb7 3. Bd3 e6 4. Nf3 d5 5. Nbd2 c5 6. c3 Nc6 7. exd5 Qxd5 8. 0-0 Nf6 9. Bc4 Qd7 10. Nb3 cxd4 11. Nbxd4 Nxd4 12. Nxd4 a6 13. Qe2 Nd5 14. Re1 Be7 15. Qh5 0-0 16. Bg5 Bxg5 17. Qxg5 Qc7 18. Bd3 Qf4 19. Qxf4 Nxf4 20. Be4 Bxe4 21. Rxe4 Nd5 22. g4 Rac8 23. Nf3 Rfd8 24. Rd1 Kf8 25. Red4 Ke7 26. Kf1 f6 27. Ke2 Nc7 28. Rxd8 Rxd8 29. Rxd8 Kxd8 30. Kd3 Kd7 1/2-1/2

[Event "Verbandsliga Suedbaden 1617"]
[Site "Baden"]
[Date "2017.03.12"]
[Round "7.3"]
[White "Kresovic, Velimir"]
[Black "Mohebbi, Jaffar"]
[Result "0-1"]
[WhiteElo "2240"]
[BlackElo "2268"]
[PlyCount "102"]
[EventDate "2016.10.09"]
[EventType "team-tourn"]
[EventRounds "9"]
[EventCountry "GER"]
[SourceTitle "EXT 2022"]
[Source "ChessBase"]
[SourceDate "2021.10.06"]
[SourceVersion "1"]
[SourceVersionDate "2021.10.06"]
[SourceQuality "1"]
[WhiteTeam "Kuppenheim"]
[BlackTeam "Baden Baden IV"]
[WhiteTeamCountry "GER"]
[BlackTeamCountry "GER"]

1. e4 d6 2. d4 Nf6 3. Nc3 e5 4. f4 exd4 5. Qxd4 Nc6 6. Bb5 Bd7 7. Qd3 g6 8. Nf3 Bg7 9. 0-0 0-0 10. h3 Nb4 11. Qe2 Bxb5 12. Nxb5 Re8 13. e5 Nc6 14. Qc4 dxe5 15. Nxe5 Nxe5 16. fxe5 Rxe5 17. Bf4 Re4 18. Qxc7 Qxc7 19. Bxc7 Rb4 20. a4 Nd5 21. Bg3 Rxb2 22. Rae1 Rxc2 23. Nd6 Rc7 24. Rf3 Rd7 25. Kh1 f5 26. Nb5 a6 27. Na3 Rc8 28. Rd1 Nf6 29. Rb1 Ne4 30. Be1 Be5 31. g4 Nd2 32. Bxd2 Rxd2 33. gxf5 g5 34. f6 Rc7 35. f7+ Rxf7 36. Rxf7 Kxf7 37. Nc4 Rh2+ 38. Kg1 Bf4 39. Rxb7+ Kg6 40. Rb6+ Kf5 41. Rxa6 Rxh3 42. a5 Kg4 43. Rc6 Rc3 44. Kf2 Rc2+ 45. Ke1 Ra2 46. a6 h5 47. Rb6 h4 48. Nb2 h3 49. Nd1 h2 50. Rh6 Bg3+ 51. Kf1 Bh4 0-1

[Event "Staufer op 29th"]
[Site "Schwaebisch Gmuend"]
[Date "2017.01.03"]
[Round "3"]
[White "Mesman, Edwyn"]
[Black "Kresovic, Velimir"]
[Result "1-0"]
[WhiteElo "1951"]
[BlackElo "2240"]
[PlyCount "59"]
[EventDate "2017.01.02"]
[EventType "swiss"]
[EventRounds "9"]
[EventCountry "GER"]
[SourceTitle "CBM 176 Extra"]
[Source "ChessBase"]
[SourceDate "2017.03.02"]
[SourceVersion "1"]
[SourceVersionDate "2017.03.02"]
[SourceQuality "1"]

1. d4 d5 2. c4 e6 3. Nc3 c5 4. cxd5 exd5 5. Nf3 Nc6 6. g3 Nf6 7. Bg2 Be7 8. 0-0 0-0 9. Bg5 c4 10. Ne5 Be6 11. Qd2 h6 12. Bxf6 Bxf6 13. Nxc6 bxc6 14. Na4 Re8 15. e3 Rb8 16. b3 cxb3 17. axb3 Be7 18. Rfc1 Rxb3 19. Rxc6 Qd7 20. Rcc1 Reb8 21. Nc5 Bxc5 22. dxc5 R3b5 23. c6 Qc7 24. Qd4 R8b6 25. Qf4 Qc8 26. c7 a5 27. Qa4 Bd7 28. Bf1 Rc5 29. Rxc5 Bxa4 30. Bh3 1-0

[Event "Staufer op-A 28th"]
[Site "Schwaebisch Gmuend"]
[Date "2016.01.05"]
[Round "8"]
[White "Kresovic, Velimir"]
[Black "Skembris, Spyridon"]
[Result "0-1"]
[WhiteElo "2215"]
[BlackElo "2416"]
[PlyCount "100"]
[EventDate "2016.01.02"]
[EventType "swiss"]
[EventRounds "9"]
[EventCountry "GER"]
[SourceTitle "CBM 170 Extra"]
[Source "ChessBase"]
[SourceDate "2016.02.25"]
[SourceVersion "1"]
[SourceVersionDate "2016.02.25"]
[SourceQuality "1"]

1. e4 c6 2. d4 d5 3. exd5 cxd5 4. c4 Nf6 5. Nc3 g6 6. Bg5 Bg7 7. Nf3 Ne4 8. Be3 Nxc3 9. bxc3 0-0 10. Rb1 dxc4 11. Bxc4 Qc7 12. Nd2 Nd7 13. Rc1 Nf6 14. h3 b6 15. 0-0 Bb7 16. Qb3 Rac8 17. Rfe1 Ne4 18. Bf1 Nxd2 19. Bxd2 e6 20. Be3 Rfd8 21. Red1 Rd7 22. Be2 Qc6 23. Bf3 Qc4 24. Qxc4 Rxc4 25. Be2 Rc8 26. Bf4 h6 27. h4 Bc6 28. Re1 Rd5 29. Ba6 Rcd8 30. Bc4 Rf5 31. Be3 Rh5 32. g3 Bf3 33. Be2 Bxe2 34. Rxe2 Ra5 35. Kf1 Ra4 36. c4 Bxd4 37. Bxh6 Rc8 38. Rec2 Rc5 39. Kg2 Rca5 40. Bd2 Ra6 41. Bc3 Rxc4 42. Bxd4 Rxd4 43. Re1 Ra3 44. Re5 Rda4 45. h5 Rxa2 46. Rxa2 Rxa2 47. hxg6 Rb2 48. g4 a5 49. Kg3 a4 50. f4 a3 0-1

[Event "Verbandsliga Suedbaden 1516"]
[Site "Baden"]
[Date "2015.10.25"]
[Round "2.4"]
[White "Leutwyler, Martin"]
[Black "Kresovic, Velimir"]
[Result "1-0"]
[WhiteElo "2200"]
[BlackElo "2210"]
[PlyCount "75"]
[EventDate "2015.09.27"]
[EventType "team-tourn"]
[EventRounds "9"]
[EventCountry "GER"]
[SourceTitle "EXT 2022"]
[Source "ChessBase"]
[SourceDate "2021.10.06"]
[SourceVersion "1"]
[SourceVersionDate "2021.10.06"]
[SourceQuality "1"]
[WhiteTeam "Gottmadingen"]
[BlackTeam "Kuppenheim"]
[WhiteTeamCountry "GER"]
[BlackTeamCountry "GER"]

1. d4 d5 2. Nf3 Nf6 3. c4 e6 4. g3 Bb4+ 5. Bd2 Be7 6. Bg2 c5 7. cxd5 exd5 8. 0-0 Nc6 9. dxc5 Bxc5 10. Nc3 d4 11. Na4 Be7 12. Rc1 0-0 13. Nc5 Qb6 14. Na4 Qb5 15. a3 Be6 16. b4 Bc4 17. Re1 a5 18. Nb2 Bd5 19. a4 Qb6 20. b5 Nb4 21. Nc4 Qd8 22. Bf4 Rc8 23. Nce5 Rxc1 24. Bxc1 Bc5 25. Bg5 Qd6 26. Bxf6 gxf6 27. Nd3 Bb6 28. Qd2 Re8 29. Nf4 Be4 30. Nh4 Bxg2 31. Nh5 Bd8 32. Nf5 Qf8 33. Kxg2 Re5 34. g4 Rd5 35. Rc1 Kh8 36. Rc8 d3 37. e4 Re5 38. Rxd8 1-0

[Event "Verbandsliga Suedbaden 1516"]
[Site "Baden"]
[Date "2015.09.27"]
[Round "1.4"]
[White "Kresovic, Velimir"]
[Black "Merkel, Markus"]
[Result "1/2-1/2"]
[WhiteElo "2210"]
[BlackElo "2116"]
[PlyCount "60"]
[EventDate "2015.09.27"]
[EventType "team-tourn"]
[EventRounds "9"]
[EventCountry "GER"]
[SourceTitle "EXT 2022"]
[Source "ChessBase"]
[SourceDate "2021.10.06"]
[SourceVersion "1"]
[SourceVersionDate "2021.10.06"]
[SourceQuality "1"]
[WhiteTeam "Kuppenheim"]
[BlackTeam "Heitersheim"]
[WhiteTeamCountry "GER"]
[BlackTeamCountry "GER"]

1. e4 c5 2. Nf3 Nc6 3. d4 cxd4 4. Nxd4 Nf6 5. Nc3 d6 6. g3 Bd7 7. Bg2 Nxd4 8. Qxd4 Bc6 9. 0-0 e6 10. Rd1 Qc7 11. Ne2 Be7 12. c4 0-0 13. Nc3 Rfd8 14. h3 b6 15. Be3 Rac8 16. Rac1 Qb7 17. b4 Qa8 18. g4 Bb7 19. g5 Nd7 20. Ne2 f5 21. gxf6 Bxf6 22. Qxd6 Nf8 23. Qf4 Rxd1+ 24. Rxd1 Rxc4 25. Ng3 Qe8 26. a3 Ng6 27. Qd6 Rc8 28. Qd7 Rd8 29. Qxe8+ Rxe8 30. Rd7 Re7 1/2-1/2

[Event "Alsace-Baden"]
[Site "Strasbourg"]
[Date "2015.09.13"]
[Round "?.12"]
[White "Lefebvre, Pierre"]
[Black "Kresovic, Velimir"]
[Result "0-1"]
[WhiteElo "2039"]
[BlackElo "2210"]
[PlyCount "130"]
[EventDate "2015.09.13"]
[EventType "team-match"]
[EventRounds "1"]
[EventCountry "FRA"]
[SourceTitle "EXT 2018"]
[Source "ChessBase"]
[SourceDate "2017.10.13"]
[SourceVersion "1"]
[SourceVersionDate "2017.10.13"]
[SourceQuality "1"]
[WhiteTeam "Alsace"]
[BlackTeam "Baden"]
[WhiteTeamCountry "FRA"]
[BlackTeamCountry "GER"]

1. Nf3 Nf6 2. c4 c5 3. g3 e6 4. Bg2 Be7 5. b3 Nc6 6. Bb2 d5 7. 0-0 d4 8. e3 e5 9. exd4 exd4 10. d3 0-0 11. Re1 h6 12. Ne5 Nxe5 13. Rxe5 Qc7 14. Re1 Bg4 15. Bf3 Be6 16. Nd2 Rfc8 17. Bg2 Qd7 18. Ne4 Nh7 19. f4 Rab8 20. a4 a6 21. Bc1 b5 22. axb5 axb5 23. Qc2 Rb6 24. Bd2 Rcb8 25. Reb1 Qc8 26. Qa2 Bf8 27. Nf2 Nf6 28. h3 h5 29. Kh2 Bf5 30. Qc2 Re6 31. Re1 Reb6 32. Reb1 Qd7 33. Qd1 Qc8 34. Qf1 Re6 35. Re1 bxc4 36. bxc4 Rb2 37. Rxe6 Qxe6 38. Qd1 Qb6 39. Ra3 g6 40. Be1 Bd6 41. Qf3 Rb1 42. Bd2 Qb2 43. Qa8+ Kg7 44. Ra2 Qb3 45. Ra3 Qc2 46. Ra2 Rb2 47. Rxb2 Qxb2 48. Qa5 Qc2 49. Bf1 h4 50. Be2 hxg3+ 51. Kxg3 g5 52. Bd1 Bxf4+ 53. Bxf4 gxf4+ 54. Kf3 Qc1 55. Qxc5 Qe3+ 56. Kg2 Qg3+ 57. Kf1 Bxh3+ 58. Nxh3 Qxh3+ 59. Kg1 Qg3+ 60. Kf1 Qxd3+ 61. Be2 Qh3+ 62. Ke1 Qh1+ 63. Bf1 Qe4+ 64. Kd1 Qb1+ 65. Ke2 f3+ 0-1

[Event "Neckar op-A 19th"]
[Site "Deizisau"]
[Date "2015.04.04"]
[Round "5"]
[White "Kresovic, Velimir"]
[Black "Pijpers, Arthur"]
[Result "0-1"]
[WhiteElo "2164"]
[BlackElo "2404"]
[PlyCount "48"]
[EventDate "2015.04.02"]
[EventType "swiss"]
[EventRounds "9"]
[EventCountry "GER"]
[SourceTitle "CBM 165 Extra"]
[Source "ChessBase"]
[SourceDate "2015.04.21"]
[SourceVersion "1"]
[SourceVersionDate "2015.04.21"]
[SourceQuality "1"]

1. e4 e6 2. d4 d5 3. Nd2 Be7 4. Ngf3 Nf6 5. Bd3 c5 6. exd5 Qxd5 7. dxc5 Nbd7 8. b4 a5 9. c3 Qxd3 10. Bb2 Nd5 11. a3 Bf6 12. Nd4 Nxc3 13. Bxc3 Qxc3 14. Nb5 Qxa1 15. Qxa1 Bxa1 16. Nc7+ Ke7 17. Nxa8 axb4 18. 0-0 Bc3 19. Ne4 Nf6 20. Nxc3 bxc3 21. Rc1 Nd5 22. Nb6 Nxb6 23. cxb6 Bd7 24. Rxc3 Rc8 0-1

[Event "Verbandsliga Suedbaden 1415"]
[Site "Baden"]
[Date "2014.12.14"]
[Round "4.3"]
[White "Kresovic, Velimir"]
[Black "Akermann, Thomas"]
[Result "0-1"]
[WhiteElo "2193"]
[BlackElo "2183"]
[PlyCount "68"]
[EventDate "2014.10.12"]
[EventType "team-tourn"]
[EventRounds "9"]
[EventCountry "GER"]
[SourceTitle "EXT 2022"]
[Source "ChessBase"]
[SourceDate "2021.10.06"]
[SourceVersion "1"]
[SourceVersionDate "2021.10.06"]
[SourceQuality "1"]
[WhiteTeam "Kuppenheim"]
[BlackTeam "Gottmadingen"]
[WhiteTeamCountry "GER"]
[BlackTeamCountry "GER"]

1. e4 Nc6 2. Nf3 f5 3. d3 e5 4. Nc3 Nf6 5. Bg5 Be7 6. Qd2 0-0 7. exf5 d5 8. Bxf6 Rxf6 9. g4 g6 10. Rg1 Kh8 11. 0-0-0 gxf5 12. g5 Rf7 13. d4 e4 14. Ne5 Rg7 15. h4 Be6 16. f4 Qf8 17. Nb5 Bb4 18. c3 Ba5 19. Rh1 a6 20. Na3 Nxe5 21. dxe5 c5 22. Qf2 b5 23. Nc2 Rc8 24. Kb1 Rgc7 25. Be2 Bb6 26. h5 d4 27. cxd4 cxd4 28. Rc1 e3 29. Qh4 Bd5 30. Rhd1 Be4 31. Bd3 e2 32. Rd2 Ba5 33. g6 Bxd2 34. h6 hxg6 0-1

[Event "Verbandsliga Suedbaden 1415"]
[Site "Baden"]
[Date "2014.11.23"]
[Round "3.4"]
[White "Kresovic, Velimir"]
[Black "Bohnert, Dominik"]
[Result "0-1"]
[WhiteElo "2193"]
[BlackElo "2003"]
[PlyCount "78"]
[EventDate "2014.10.12"]
[EventType "team-tourn"]
[EventRounds "9"]
[EventCountry "GER"]
[SourceTitle "EXT 2022"]
[Source "ChessBase"]
[SourceDate "2021.10.06"]
[SourceVersion "1"]
[SourceVersionDate "2021.10.06"]
[SourceQuality "1"]
[WhiteTeam "Kuppenheim"]
[BlackTeam "Sasbach"]
[WhiteTeamCountry "GER"]
[BlackTeamCountry "GER"]

1. e4 e5 2. Nf3 Nc6 3. d4 exd4 4. Nxd4 Bc5 5. Nb3 Bb6 6. Nc3 Qf6 7. Qe2 Nge7 8. Be3 0-0 9. 0-0-0 d6 10. f4 Bg4 11. Qxg4 Bxe3+ 12. Kb1 Bxf4 13. Qd7 Be5 14. Nd5 Nxd5 15. exd5 Rfd8 16. Qg4 Ne7 17. Bd3 Qf4 18. Qh3 g6 19. Rdf1 Qg5 20. Rxf7 Kxf7 21. Qxh7+ Ke8 22. Rf1 c6 23. Be4 Bf6 24. Re1 Kd7 25. Qf7 Qe5 26. dxc6+ Kc7 27. c3 d5 28. cxb7 Rab8 29. Nd4 dxe4 30. Ne6+ Kxb7 31. Rf1 Ka8 32. Rxf6 Rxb2+ 33. Kxb2 Rd2+ 34. Kb3 Qb5+ 35. Ka3 Qa5+ 36. Kb3 Qb5+ 37. Ka3 Qa5+ 38. Kb3 Qxa2+ 39. Kb4 Rb2+ 0-1

[Event "Baden-Alsace"]
[Site "Hockenheim"]
[Date "2014.09.14"]
[Round "1.10"]
[White "Kresovic, Velimir"]
[Black "Roos, Jean Luc"]
[Result "0-1"]
[WhiteElo "2193"]
[BlackElo "2248"]
[PlyCount "86"]
[EventDate "2014.09.14"]
[EventType "team-match"]
[EventRounds "5"]
[EventCountry "GER"]
[SourceTitle "EXT 2015"]
[Source "ChessBase"]
[SourceDate "2014.11.20"]
[SourceVersion "1"]
[SourceVersionDate "2014.11.20"]
[SourceQuality "1"]
[WhiteTeam "Baden"]
[BlackTeam "Alsace"]
[WhiteTeamCountry "GER"]
[BlackTeamCountry "FRA"]

1. e4 c5 2. Nf3 Nc6 3. d4 cxd4 4. Nxd4 g6 5. Nc3 Bg7 6. Be3 Nf6 7. Bc4 0-0 8. Bb3 a5 9. a4 Ng4 10. Qxg4 Nxd4 11. Qd1 Nxb3 12. cxb3 Ra6 13. 0-0 Rc6 14. Rc1 b6 15. Qd2 Bb7 16. Nd5 Rd6 17. Bf4 e5 18. Bg5 f6 19. Be3 Bxd5 20. exd5 f5 21. f3 f4 22. Bf2 g5 23. Rc4 Qf6 24. b4 axb4 25. Rxb4 g4 26. fxg4 Qg6 27. a5 bxa5 28. Rb5 Ra6 29. Bc5 d6 30. Ba3 Qxg4 31. Qc2 Qd7 32. Rb3 Raa8 33. Kh1 Rf6 34. Rb6 Rg6 35. Rc6 Qg4 36. Qe4 Bf8 37. Rfc1 Rb8 38. h3 Qg3 39. R1c3 Qh4 40. Ra6 Rb5 41. Qd3 Rb7 42. Rc8 Rg3 43. Qc2 Rxh3+ 0-1

[Event "Oberliga Baden 1314"]
[Site "Germany"]
[Date "2014.04.06"]
[Round "9.5"]
[White "Bossert, Christian"]
[Black "Kresovic, Velimir"]
[Result "1-0"]
[WhiteElo "2181"]
[BlackElo "2201"]
[PlyCount "53"]
[EventDate "2013.10.13"]
[EventType "team-tourn"]
[EventRounds "9"]
[EventCountry "GER"]
[SourceTitle "EXT 2015"]
[Source "ChessBase"]
[SourceDate "2014.11.20"]
[SourceVersion "1"]
[SourceVersionDate "2014.11.20"]
[SourceQuality "1"]
[WhiteTeam "Baden-Baden III"]
[BlackTeam "Kuppenheim"]
[WhiteTeamCountry "GER"]
[BlackTeamCountry "GER"]

1. d4 Nf6 2. c4 e6 3. Nf3 b6 4. a3 Bb7 5. Nc3 Be7 6. e3 0-0 7. Bd3 d5 8. cxd5 exd5 9. Ne5 Nbd7 10. f4 c5 11. Qf3 a6 12. a4 Qc7 13. Bd2 c4 14. Bf5 Nb8 15. 0-0 Rd8 16. g4 g6 17. Bc2 Bb4 18. Be1 Bxc3 19. bxc3 Ne4 20. f5 f6 21. fxg6 fxe5 22. Bxe4 dxe4 23. Qf6 hxg6 24. Qe6+ Kh8 25. Bh4 Nd7 26. Rf7 Qc6 27. Qe7 1-0

[Event "Oberliga Baden 1314"]
[Site "Germany"]
[Date "2014.03.16"]
[Round "8.5"]
[White "Kresovic, Velimir"]
[Black "Scherer, Max"]
[Result "0-1"]
[WhiteElo "2207"]
[BlackElo "2258"]
[PlyCount "74"]
[EventDate "2013.10.13"]
[EventType "team-tourn"]
[EventRounds "9"]
[EventCountry "GER"]
[SourceTitle "EXT 2015"]
[Source "ChessBase"]
[SourceDate "2014.11.20"]
[SourceVersion "1"]
[SourceVersionDate "2014.11.20"]
[SourceQuality "1"]
[WhiteTeam "Kuppenheim"]
[BlackTeam "Dreisamtal"]
[WhiteTeamCountry "GER"]
[BlackTeamCountry "GER"]

1. e4 e6 2. d4 b6 3. Nf3 Bb7 4. Bd3 c5 5. c3 Nf6 6. Qe2 Be7 7. Nbd2 Nc6 8. a3 Qc7 9. Nf1 d5 10. e5 Nd7 11. Ng3 0-0-0 12. Be3 f6 13. exf6 gxf6 14. dxc5 bxc5 15. Ba6 Bd6 16. Bxb7+ Qxb7 17. 0-0 h5 18. Rfd1 h4 19. Nf1 Rdg8 20. b4 c4 21. Nd4 Nxd4 22. cxd4 Kb8 23. Bd2 e5 24. Bc3 Rg5 25. Qf3 e4 26. Qh3 f5 27. Ra2 Rhg8 28. f3 Nf6 29. Bd2 Rxg2+ 30. Qxg2 Rxg2+ 31. Kxg2 Qg7+ 32. Kh1 exf3 33. Be3 f4 34. Bg1 Ne4 35. Rc2 h3 36. Ne3 fxe3 37. Bxe3 f2 0-1

[Event "Oberliga Baden 1314"]
[Site "Germany"]
[Date "2014.02.09"]
[Round "6.5"]
[White "Kresovic, Velimir"]
[Black "Bogdanovich, Grigory Grigorievic"]
[Result "0-1"]
[WhiteElo "2213"]
[BlackElo "2332"]
[PlyCount "90"]
[EventDate "2013.10.13"]
[EventType "team-tourn"]
[EventRounds "9"]
[EventCountry "GER"]
[SourceTitle "EXT 2015"]
[Source "ChessBase"]
[SourceDate "2014.11.20"]
[SourceVersion "1"]
[SourceVersionDate "2014.11.20"]
[SourceQuality "1"]
[WhiteTeam "Kuppenheim"]
[BlackTeam "Bad Mergentheim"]
[WhiteTeamCountry "GER"]
[BlackTeamCountry "GER"]

1. e4 b6 2. d4 Bb7 3. Nc3 e6 4. Nf3 Bb4 5. Bd3 Nf6 6. Qe2 d5 7. e5 Ne4 8. 0-0 Nxc3 9. bxc3 Be7 10. Ne1 Nc6 11. f4 g6 12. Nf3 Qd7 13. Be3 Na5 14. Rab1 0-0-0 15. Bb5 c6 16. Bd3 Kb8 17. Nd2 Rc8 18. c4 dxc4 19. Nxc4 Nxc4 20. Bxc4 c5 21. c3 cxd4 22. cxd4 Bxg2 23. Rfd1 Bb7 24. d5 exd5 25. Bb5 Qf5 26. Bd3 Qe6 27. Bf2 Bc5 28. Rf1 Bxf2+ 29. Rxf2 d4 30. Be4 Bxe4 31. Qxe4 Qf5 32. Qxf5 gxf5 33. Rd1 Rhd8 34. Rfd2 Rc4 35. Rd3 Kc7 36. R1d2 Kc6 37. Kf2 Kd5 38. Rh3 Rh8 39. Re2 h5 40. Ra3 a5 41. Rb3 Rh6 42. Rg3 Rhc6 43. Rg8 d3 44. Rd8+ Ke6 45. Rxd3 Rxf4+ 0-1

[Event "Oberliga Baden 1314"]
[Site "Germany"]
[Date "2013.11.10"]
[Round "2.5"]
[White "Kresovic, Velimir"]
[Black "Scherer, Helmut"]
[Result "0-1"]
[WhiteElo "2209"]
[BlackElo "2301"]
[PlyCount "78"]
[EventDate "2013.10.13"]
[EventType "team-tourn"]
[EventRounds "9"]
[EventCountry "GER"]
[SourceTitle "EXT 2015"]
[Source "ChessBase"]
[SourceDate "2014.11.20"]
[SourceVersion "1"]
[SourceVersionDate "2014.11.20"]
[SourceQuality "1"]
[WhiteTeam "Kuppenheim"]
[BlackTeam "Zaehringen"]
[WhiteTeamCountry "GER"]
[BlackTeamCountry "GER"]

1. e4 e5 2. Nf3 Nc6 3. d4 exd4 4. Nxd4 Qh4 5. Nc3 Bb4 6. Be2 d6 7. Ndb5 Ba5 8. 0-0 a6 9. Nd4 Bxc3 10. bxc3 Nge7 11. f3 0-0 12. Be3 f5 13. exf5 Nxf5 14. Nxf5 Bxf5 15. Rb1 Nd8 16. c4 Qe7 17. Bf2 Be6 18. Re1 b6 19. Bd3 Qf7 20. Qe2 Rb8 21. c5 dxc5 22. Bxc5 Re8 23. Bf2 Nb7 24. Qe4 Qh5 25. Qc6 Bxa2 26. Ra1 Rxe1+ 27. Rxe1 Qf7 28. Qe4 Qh5 29. Qe7 Qf7 30. Qh4 h6 31. Re7 Qf6 32. Qe4 Nd6 33. Qe1 b5 34. c3 Bf7 35. Bd4 Qg5 36. Rxc7 Re8 37. Qb1 Re7 38. Rc6 Qd2 39. Bf2 Nc4 0-1

[Event "Oberliga Baden 1314"]
[Site "Germany"]
[Date "2013.10.13"]
[Round "1.5"]
[White "Engel, Berthold"]
[Black "Kresovic, Velimir"]
[Result "1-0"]
[WhiteElo "2181"]
[BlackElo "2217"]
[PlyCount "117"]
[EventDate "2013.10.13"]
[EventType "team-tourn"]
[EventRounds "9"]
[EventCountry "GER"]
[SourceTitle "EXT 2015"]
[Source "ChessBase"]
[SourceDate "2014.11.20"]
[SourceVersion "1"]
[SourceVersionDate "2014.11.20"]
[SourceQuality "1"]
[WhiteTeam "Kirchheim"]
[BlackTeam "Kuppenheim"]
[WhiteTeamCountry "GER"]
[BlackTeamCountry "GER"]

1. e4 c5 2. Nf3 e6 3. g3 d6 4. Bg2 Nf6 5. d3 Be7 6. 0-0 0-0 7. Re1 Nc6 8. c3 e5 9. h3 b5 10. d4 Qc7 11. dxc5 dxc5 12. Qc2 Rd8 13. Nbd2 b4 14. Nc4 Ba6 15. Bf1 h6 16. Ne3 Bxf1 17. Kxf1 Qd7 18. Nf5 bxc3 19. bxc3 Bf8 20. Kg2 Kh7 21. Bb2 Rab8 22. Ne3 Qd3 23. Qxd3 Rxd3 24. Nc4 Bd6 25. Rac1 Bc7 26. Ba3 Rb5 27. Re2 a6 28. Rd2 Rxd2 29. Nfxd2 Na5 30. Kf3 Nd7 31. Ne3 g6 32. Ke2 Kg7 33. Kd1 Bd6 34. Ndc4 Be7 35. Kc2 Bg5 36. Rd1 Bxe3 37. Nxe3 Nb6 38. Bc1 Nb7 39. Nd5 Nc4 40. a4 Ra5 41. Kb3 Ncd6 42. c4 Nxc4 43. Kxc4 Rxa4+ 44. Kc3 Rxe4 45. Be3 Ra4 46. Nb6 Ra3+ 47. Kc4 Ra2 48. Kd5 Rc2 49. Kxe5 Na5 50. Kd5 Nb3 51. Rd3 Rb2 52. Na4 Rb1 53. Nxc5 Nxc5 54. Kxc5 g5 55. Rd6 Rb5+ 56. Kc4 Ra5 57. Bd4+ Kh7 58. Rf6 Ra4+ 59. Kd3 1-0

[Event "Oberliga Baden 1213"]
[Site "Baden"]
[Date "2013.02.24"]
[Round "7.5"]
[White "Kresovic, Velimir"]
[Black "Zichanowicz, Mark"]
[Result "0-1"]
[WhiteElo "2235"]
[BlackElo "2166"]
[PlyCount "118"]
[EventDate "2012.10.14"]
[EventType "team-tourn"]
[EventRounds "9"]
[EventCountry "GER"]
[SourceTitle "EXT 2014"]
[Source "ChessBase"]
[SourceDate "2013.11.20"]
[SourceVersion "1"]
[SourceVersionDate "2013.11.20"]
[SourceQuality "1"]
[WhiteTeam "Kuppenheim"]
[BlackTeam "Waldshut"]
[WhiteTeamCountry "GER"]
[BlackTeamCountry "GER"]

1. e4 d5 2. exd5 Qxd5 3. Nc3 Qd6 4. d4 Nf6 5. Nf3 a6 6. g3 Bg4 7. h3 Bh5 8. Bg2 Nc6 9. Be3 0-0-0 10. 0-0 e6 11. Ne2 Nd5 12. Bd2 Nb6 13. Bf4 Qd7 14. c3 f6 15. g4 Bf7 16. b4 g5 17. Bg3 h5 18. a4 hxg4 19. hxg4 Bd6 20. b5 Nb8 21. bxa6 Nxa6 22. a5 Nd5 23. Qb3 Bxg3 24. Rfb1 Bxf2+ 25. Kxf2 c6 26. Ra2 Bg6 27. Rd1 Rh7 28. Rad2 Qc7 29. c4 Nf4 30. Qe3 Nxg2 31. Kxg2 Kb8 32. d5 exd5 33. cxd5 Re8 34. Qc3 Be4 35. d6 Qd7 36. Kg3 Bd5 37. Qxf6 Rf7 38. Ne5 Rxe5 39. Qxe5 Rf3+ 40. Kh2 Qh7+ 41. Kg1 Qd7 42. Rd4 Rh3 43. Ng3 Nc5 44. Rf1 Ne6 45. Rf6 Rxg3+ 46. Kf2 Rg2+ 47. Ke3 Nf4 48. Rdxf4 gxf4+ 49. Rxf4 Rg3+ 50. Kd2 Rb3 51. Rf8+ Ka7 52. Qd4+ b6 53. Qh8 c5 54. axb6+ Rxb6 55. Rc8 Qxd6 56. Rf8 Bb7+ 57. Kc1 Qd3 58. Qa1+ Ra6 59. Qb2 Qe3+ 0-1